000 00362nam a2200133Ia 4500
008 200103s9999||||xx |||||||||||||| ||und||
040 _aIMU-MPC
082 _aColumn-33
100 _aClements, Guy Roger and Wilson, Levi Thomas
245 0 _aAnalytical and Applied Mechanics
260 _bMcGraw-Hill Book Company, Inc.
_c1951
300 _axi, 403
942 _cBK
999 _c7776
_d7776